00245nam a2200097Ia 4500008004100000100002200041245001600063260004200079300000800121650001800129191201s2019 xx 000 0 und d aLUNDIN, Stephen C 0aFish Sticks aN.DelhibHodder and Stoughton, London a122 aGeneral Books